000
00235nam a2200121Ia 4500
100
_a
ALEXANDER/SOLZHENIFSYN
942
_c
BK
245
_a
THE GULOG ARCHIPELOGO
260
_b
#N/A
300
_a
660
546
_a
ENGLISH
999
_c
20546
_d
20546